| 000 | 00581nam a2200181 a 4500 | ||
|---|---|---|---|
| 001 | 000030623 | ||
| 005 | 20200930062421.0 | ||
| 008 | 110525s1908 dr c 000 | spa d | ||
| 040 |
_aDO-SdBNP _bspa _cBNPHU |
||
| 082 |
_axxx _bV635c |
||
| 100 | 1 |
_aVicioso Soto, Horacio _923658 |
|
| 245 | 1 | 0 |
_aCasos jurídicos / _cHoracio V. Vicioso ; prólogo de J. B. Peynado. |
| 260 |
_aSanto Domingo : _bImprenta Flor del Ozama, _c1908. |
||
| 300 |
_a106 p. : _bretr. ; _c24 cm. |
||
| 500 | _aIncluye notas al pie de las páginas. | ||
| 700 | 1 |
_aPeynado, J. B., _epról. _923516 |
|
| 049 | _aBNPD | ||
| 999 |
_c30115 _d30115 |
||